[Event "JUG-chT"]
[Site "Igalo"]
[Date "1994.??.??"]
[Round "?"]
[White "Horvath, Jozsef M"]
[Black "Bologan, Viktor"]
[Result "1/2-1/2"]
[WhiteElo "2520"]
[BlackElo "2600"]

1.d4 Nf6 2.c4 g6 3.Nf3 Bg7 4.g3 O-O 5.Bg2 d6 6.O-O Nc6 7.Nc3 a6 8.d5 Na5
9.Nd2 c5 10.Qc2 b5 11.cxb5 axb5 12.Nxb5 Bb7 13.Nc3 Ra6 14.Rd1 Qa8 15.Nf1 Nd7
16.Rb1 Rb6 17.b3 Rb4 18.Ba3 Rc8 19.Ne4 Rd4 20.Ne3 Nb6 21.Nc3 Rxd1+ 22.Rxd1 c4
23.b4 Nb3 24.Bb2 Nd4 25.Qd2 e5 26.dxe6 fxe6 27.Bh3 e5 28.a4 Bf3 29.Nc2 Bxe2
30.Nxd4 Bxd1 31.Ne6 Nxa4 32.Nxa4 Bxa4 33.Nxg7 c3 34.Bxc3 Qf3 35.Bxc8 Bc6
36.Kf1 Bb5+ 37.Kg1 Bc6 38.Kf1 Bb5+ 39.Kg1 Bc6  1/2-1/2

[Event "JUG-chT"]
[Site "Igalo"]
[Date "1994.??.??"]
[Round "?"]
[White "Rajkovic, Dusan"]
[Black "Bologan, Viktor"]
[Result "1/2-1/2"]
[WhiteElo "2505"]
[BlackElo "2600"]

1.d4 Nf6 2.c4 g6 3.Nc3 Bg7 4.e4 d6 5.f3 O-O 6.Bg5 c5 7.d5 Qa5 8.Qd2 a6 9.a4 e6
10.Nb1 Qxd2+ 11.Kxd2 Nbd7 12.Ne2 Ne5 13.Nec3 h6 14.Be3 Nh5 15.a5 f5 16.exf5 exf5
17.Ra3 g5 18.Rb3 Bf6 19.Na4 Rb8 20.Bf2 Bd7 21.Nb6 Be8 22.Nc3 Bd8 23.Nd1 Nf6
24.Nc3 Nfd7 25.Nca4 Nxb6 26.Nxb6 Nd7 27.Bd3 Nxb6 28.axb6 Ba4 29.Ra3 Bd7 30.Ra2 Bxb6
31.b4 Rfc8 32.Rb1 Bd8 33.bxc5 dxc5 34.Bg3 f4 35.Bf2 a5 36.g3 b6 37.gxf4 gxf4
38.Rg1+ Kf7 39.Raa1 Bf6 40.Bg6+ Ke7 41.Rae1+ Kd6 42.Bh7 Rf8 43.Rg6 Rbe8 44.Rxe8 Bxe8
45.Rxh6 Ke7 46.Bf5 a4 47.Kc2 a3 48.Kb3 Ba4+ 49.Ka2 Bd1 50.Rh7+ Kd6 51.Rb7 Bd8
52.Rd7+ Ke5 53.Be4 Be2 54.Kb3 Bf6 55.Ra7 Rg8 56.Be1 Bd1+ 57.Kxa3 Kd4 58.Rf7 Bh8
59.d6 Kxc4 60.Rxf4 Bd4 61.d7 b5 62.Rg4 Rd8 63.Bc6 b4+ 64.Ka2 b3+ 65.Ka3 b2
66.Rxd4+ cxd4 67.Kxb2 Kc5  1/2-1/2

[Event "JUG-chT"]
[Site "JUG"]
[Date "1994.??.??"]
[Round "4"]
[White "Bologan, Viktor"]
[Black "Todorcevic, Miodrag"]
[Result "1-0"]
[WhiteElo "2585"]
[BlackElo "2505"]

1.e4 g6 2.d4 Bg7 3.Nc3 d6 4.f4 Nf6 5.Nf3 O-O 6.Be3 b6 7.Bd3 Bb7 8.O-O Na6
9.f5 c5 10.fxg6 hxg6 11.d5 Nc7 12.Qe1 Qd7 13.h3 Nh7 14.Qh4 e5 15.Ne2 Ba6
16.c4 b5 17.b3 bxc4 18.bxc4 Rab8 19.Ng5 Nxg5 20.Bxg5 Rb4 21.Rac1 Rb2 22.Nc3 Rb4
23.Nd1 Ra4 24.Ne3 Rb8 25.Ng4 Ne8 26.Rf3 Rxa2 27.Rcf1 Rbb2 28.Kh1 Rxg2 29.Rxf7 Qxf7
30.Rxf7 Kxf7 31.Bf1 Rgb2 32.Qh7  1-0

[Event "JUG-chT"]
[Site "JUG"]
[Date "1994.??.??"]
[Round "9"]
[White "Itkis, Boris"]
[Black "Bologan, Viktor"]
[Result "0-1"]
[WhiteElo "2475"]
[BlackElo "2585"]

1.d4 Nf6 2.Nf3 g6 3.c4 Bg7 4.g3 O-O 5.Bg2 d6 6.O-O Nc6 7.Nc3 a6 8.Bf4 Rb8
9.Rc1 Bd7 10.d5 Na5 11.b3 b5 12.cxb5 axb5 13.b4 Nc4 14.Nd4 Nh5 15.Rc2 Nxf4
16.gxf4 e5 17.dxe6 fxe6 18.e3 e5 19.Ndxb5 exf4 20.exf4 Kh8 21.a4 Rxf4 22.Nd5 Rh4
23.Ndxc7 Be5 24.f4 Ne3 25.Nxd6 Qe7 26.Nd5 Nxd1 27.Nxe7 Bd4+ 28.Kh1 Ne3 29.Rc7 Nxf1
30.Bxf1 Rxf4 31.Bc4 Rxb4 32.Bd3 Bh3 33.Rc1 Rb2  0-1

[Event "Moscow ol (Men)"]
[Site "Moscow"]
[Date "1994.??.??"]
[Round "2"]
[White "Bologan, Viktor"]
[Black "Castro Rojas, Oscar Humberto"]
[Result "1-0"]
[WhiteElo "2600"]
[BlackElo "2405"]

1.e4 c6 2.d4 d5 3.exd5 cxd5 4.c4 Nf6 5.Nc3 Nc6 6.Nf3 e6 7.Bg5 Be7 8.c5 Ne4
9.Bxe7 Qxe7 10.Bb5 O-O 11.O-O Nxc3 12.bxc3 Na5 13.Qe2 b6 14.cxb6 axb6 15.Rab1 Bd7
16.Bd3 Rfc8 17.Qc2 h6 18.Rxb6 Qa3 19.Rc1 Rab8 20.Rxb8 Rxb8 21.Ne5 Be8 22.g3 Rb2
23.Qd1 Nc6 24.c4 Nxe5 25.dxe5 Ba4 26.Qf3 Rb3 27.axb3 Qxc1+ 28.Bf1 Bc6 29.b4 Kf8
30.Qd3 dxc4 31.Qd6+  1-0

[Event "Moscow ol (Men)"]
[Site "Moscow"]
[Date "1994.??.??"]
[Round "5"]
[White "Rodriguez, Amador"]
[Black "Bologan, Viktor"]
[Result "1/2-1/2"]
[WhiteElo "2515"]
[BlackElo "2600"]

1.e4 g6 2.d4 Bg7 3.Nc3 c6 4.Nf3 d5 5.h3 dxe4 6.Nxe4 Bf5 7.Ng3 Be6 8.c4 b5
9.cxb5 Nf6 10.Be2 O-O 11.a4 a6 12.bxa6 Nxa6 13.O-O Qb6 14.a5 Qc7 15.Bg5 Nd5
16.Qa4 Rfb8 17.Rfc1 Bd7 18.Qa3 Bf8 19.Bxa6 Rxa6 20.Ne4 Raa8 21.Nc5 Bc8 22.Bd2 Ba6
23.Ne5 Bg7 24.Ncd7 Bxe5 25.Nxe5 Bb5 26.Rc5 Qd6 27.Rac1 Ra6 28.Qg3 f6 29.Nxc6 Qxg3
30.fxg3 Bxc6 31.Rxc6 Rxc6 32.Rxc6 Rxb2 33.a6 Ra2 34.Rc5 Rxd2 35.Rxd5 Ra2
36.Rd7 Rxa6 37.Rxe7 Ra2 38.g4 Rd2 39.Rd7 h6 40.Kf1 Kf8 41.d5 Ke8 42.Rh7 Kf8
43.Rh8+ Kf7 44.Rh7+ Kf8  1/2-1/2

[Event "Moscow ol (Men)"]
[Site "Moscow"]
[Date "1994.??.??"]
[Round "7"]
[White "Bologan, Viktor"]
[Black "Ftacnik, Lubomir"]
[Result "1/2-1/2"]
[WhiteElo "2600"]
[BlackElo "2570"]

1.e4 c5 2.Nf3 d6 3.d4 cxd4 4.Nxd4 Nf6 5.Nc3 a6 6.Be2 e6 7.f4 Be7 8.Be3 Qc7
9.g4 d5 10.e5 Ne4 11.Nxe4 dxe4 12.h4 b5 13.c4 bxc4 14.Qa4+ Bd7 15.Qxc4 Qb7
16.Qb3 Qxb3 17.axb3 O-O 18.O-O Nc6 19.Bxa6 Bc5 20.Nc2 Bxe3+ 21.Nxe3 Nd4 22.Ra3 Rab8
23.Rd1 Nf3+ 24.Kf2 Bb5 25.Bxb5 Rxb5 26.Kg3 h6 27.h5 Rfb8 28.Ra4 Rb4 29.Rxb4 Rxb4
30.Rd8+ Kh7 31.f5 exf5 32.e6 f4+ 33.Kxf4 fxe6 34.Nc4 Rxb3 35.Kxe4 Ng5+ 36.Kd4 Nf3+
37.Kc5 g5 38.Rd7+ Kg8 39.Kd6 Rb4 40.Rc7 Nh2 41.Ne5 Rxb2 42.Kxe6 Rf2 43.Ra7 Rf4
44.Ng6 Rc4 45.Ne7+ Kf8 46.Ra8+ Kg7 47.Nf5+ Kh7 48.Ra7+ Kh8 49.Nxh6 Rf4 50.Nf7+ Kg7
51.Ne5+ Kg8 52.Ng6 Rc4 53.Ne7+ Kf8 54.Nf5 Rc6+ 55.Kd5 Rf6 56.Ra8+ Kf7 57.Nd6+ Ke7
58.Ra7+ Kf8 59.Ra4 Rf4 60.Ra8+ Kg7 61.Nf5+ Kh7 62.Ra7+ Kh8 63.Ne7 Rb4 64.Ke6 Nxg4
65.Nd5 Rd4 66.Rd7 Ne3 67.Rd8+ Kg7  1/2-1/2

[Event "Moscow ol (Men)"]
[Site "Moscow"]
[Date "1994.??.??"]
[Round "11"]
[White "Lautier, Joel"]
[Black "Bologan, Viktor"]
[Result "1-0"]
[WhiteElo "2645"]
[BlackElo "2600"]

1.d4 Nf6 2.c4 g6 3.Nc3 Bg7 4.e4 d6 5.f3 O-O 6.Bg5 c5 7.d5 Qa5 8.a4 Na6 9.Qd2 Nb4
10.Ra3 h6 11.Be3 h5 12.Nge2 e5 13.dxe6 Bxe6 14.Nf4 Rfe8 15.Be2 Nc6 16.Nb5 Qxd2+
17.Kxd2 Re7 18.Nd5 Rd7 19.a5 Ne8 20.Kc1 Bxd5 21.cxd5 Nb4 22.Bd2 f5 23.exf5 gxf5
24.Bc4 a6 25.Nc3 Nc7 26.Na4 Re8 27.Re1 Rxe1+ 28.Bxe1 Nb5 29.Bxb4 cxb4 30.Rb3 Bh6+
31.Kd1 Rg7 32.Rxb4 Rxg2 33.Bxb5 axb5 34.Rxb5 Rxh2 35.Rxb7 h4 36.a6 Be3 37.Nb6 h3
38.Nd7 Bd4 39.Nf6+ Kf8 40.a7  1-0

[Event "Moscow ol (Men)"]
[Site "Moscow"]
[Date "1994.??.??"]
[Round "12"]
[White "Bologan, Viktor"]
[Black "Stanec, Nikolaus"]
[Result "1-0"]
[WhiteElo "2600"]
[BlackElo "2450"]

1.e4 c5 2.Nf3 e6 3.d4 cxd4 4.Nxd4 a6 5.Nc3 Qc7 6.Bd3 Nf6 7.f4 d6 8.Qf3 Nbd7
9.g4 Nc5 10.g5 Nfd7 11.Bd2 b5 12.b4 Nxd3+ 13.cxd3 Nb6 14.Rc1 Qb7 15.O-O Bd7
16.f5 e5 17.Nb3 Rc8 18.Na5 Qb8 19.a3 Be7 20.Be3 Bd8 21.Qh5 d5 22.Bc5 d4 23.Ne2 Na4
24.Nb3 Bb6 25.g6 Bxc5 26.gxf7+ Kf8 27.f6 Rc6 28.Nxc5 Nxc5 29.Rxc5 Rxf6 30.Rxe5 Rxf1+
31.Kxf1 g6 32.Qg5 Qd6 33.Qd8+ Kg7 34.Qxh8+ Kxh8 35.Re8+ Kg7 36.f8=Q+ Qxf8+
37.Rxf8 Kxf8 38.Nxd4  1-0

[Event "PCA-op"]
[Site "New York"]
[Date "1994.??.??"]
[Round "5"]
[White "Chernin, Alexander"]
[Black "Bologan, Viktor"]
[Result "1-0"]
[WhiteElo "2615"]
[BlackElo "2600"]

1.Nf3 d6 2.g3 g6 3.c4 Bg7 4.Nc3 Nf6 5.Bg2 O-O 6.O-O Nc6 7.d3 e5 8.Bg5 h6
9.Bxf6 Bxf6 10.Rb1 Bg7 11.b4 a6 12.a4 a5 13.b5 Ne7 14.Qc2 Rb8 15.Nd2 Be6
16.Nd5 Nf5 17.e3 c6 18.Nc3 Qc7 19.Rfc1 Ne7 20.Rb2 f5 21.Qb1 c5 22.Nd5 Bxd5
23.b6 Qd7 24.cxd5 e4 25.Rb5 Nxd5 26.Qb3 Qf7 27.Rxa5 Nb4 28.dxe4 fxe4 29.Qxf7+ Kxf7
30.Nxe4 Ke7 31.Ra7 Nc6 32.Nxc5 Nxa7 33.bxa7 Ra8 34.Nd3 Rxa7 35.Rc7+ Kf6 36.Nf4 Ra5
37.Nd5+ Rxd5 38.Bxd5 b6 39.Rb7 Ke5 40.Rxg7 Kxd5 41.Rxg6  1-0

[Event "Oslo op"]
[Site "Oslo"]
[Date "1994.??.??"]
[Round "1"]
[White "Lyrberg, Patrik"]
[Black "Bologan, Viktor"]
[Result "1-0"]
[WhiteElo "2415"]
[BlackElo "2585"]

1.d4 Nf6 2.c4 g6 3.Nc3 Bg7 4.e4 d6 5.Nf3 O-O 6.Be2 e5 7.d5 Nbd7 8.Bg5 h6
9.Bh4 g5 10.Bg3 Nh5 11.h4 g4 12.Nh2 Nxg3 13.fxg3 h5 14.O-O f5 15.Rxf5 Rxf5
16.exf5 Nc5 17.Qd2 Qf6 18.Rf1 Bxf5 19.Nxg4 Qg6 20.Ne3 Bd7 21.b4 Na6 22.Bd3 Qxg3
23.Bf5 Rd8 24.Ne4 Qxh4 25.g3 Qe7 26.Bxd7 Qxd7 27.Nf5 Rf8 28.Qg5  1-0

[Event "Oslo op"]
[Site "Oslo"]
[Date "1994.??.??"]
[Round "2"]
[White "Bologan, Viktor"]
[Black "Campanile, Antonio"]
[Result "1-0"]
[WhiteElo "2585"]
[BlackElo "2240"]

1.e4 c6 2.d4 d5 3.e5 Na6 4.c3 Nc7 5.Bd3 g6 6.Ne2 Nh6 7.h4 Be6 8.h5 Qd7 9.Bf4 gxh5
10.Rxh5 Nf5 11.Qc2 Ng7 12.Rxh7 Rxh7 13.Bxh7 Nf5 14.Nd2 O-O-O 15.O-O-O Bh6
16.g4  1-0

[Event "Oslo op"]
[Site "Oslo"]
[Date "1994.??.??"]
[Round "3"]
[White "Engedal, Kim Nikolai"]
[Black "Bologan, Viktor"]
[Result "0-1"]
[WhiteElo "2225"]
[BlackElo "2585"]

1.e4 c5 2.Nf3 e6 3.Nc3 a6 4.g3 b5 5.Bg2 Bb7 6.d3 d6 7.O-O Nd7 8.Qe2 Qc7 9.Be3 Ngf6
10.Nd2 g6 11.f4 Bg7 12.Rae1 O-O 13.g4 d5 14.g5 d4 15.gxf6 Nxf6 16.e5 Bxg2
17.Qxg2 Nh5 18.Nce4 dxe3 19.Rxe3 Rad8 20.Ng3 Nxf4 21.Rxf4 Bxe5 22.Rff3 Bd4
23.Kh1 Bxe3 24.Rxe3 c4 25.dxc4 bxc4 26.Ndf1 Rd1 27.b3 cxb3 28.cxb3 Rfd8 29.Re2 Qc1
30.Rf2 f5 31.Rc2 Qf4 32.Qe2 Qd6 33.Kg2 e5 34.Ne3 Rd2 35.Rxd2 Qxd2 36.Nc4 Qxe2+
37.Nxe2 Kf7 38.Kf2 Kf6 39.h4 f4 40.Nc3 Kf5 41.Na4 h6 42.Nc5 g5 43.hxg5 hxg5
44.Nxa6 g4 45.Nb4 g3+ 46.Kg2 Rh8 47.Nd6+ Kg4 48.Nd3 Rh2+ 49.Kf1 Rxa2 50.Ne4 f3  0-1

[Event "Oslo op"]
[Site "Oslo"]
[Date "1994.??.??"]
[Round "5"]
[White "Myrvold, Torben"]
[Black "Bologan, Viktor"]
[Result "0-1"]
[WhiteElo "2305"]
[BlackElo "2585"]

1.e4 c5 2.Nf3 e6 3.Nc3 a6 4.d4 cxd4 5.Nxd4 b5 6.a3 Bb7 7.Bd3 d6 8.O-O Nf6
9.Be3 Nbd7 10.f4 Rc8 11.Qf3 Be7 12.Rae1 O-O 13.Qh3 Nc5 14.Bf2 Nfd7 15.f5 e5
16.Nf3 Nf6 17.Nd2 Nxd3 18.cxd3 Qd7 19.Re3 d5 20.exd5 Nxd5 21.Rg3 f6 22.Qg4 Rf7
23.Nxd5 Bxd5 24.Be3 Rc2 25.Qh5 Qc6 26.b4 a5 27.Rh3 h6 28.Qg4 Kf8 29.Rg3 Ke8
30.bxa5 Bxa3 31.d4 e4 32.Qd1 Bd6 33.Rg4 Kf8 34.Qb1 Qc3 35.Re1 Rxd2 36.Qxb5 Rb2
37.Qxd5 Qxe1+  0-1

[Event "Oslo op"]
[Site "Oslo"]
[Date "1994.??.??"]
[Round "6"]
[White "Bologan, Viktor"]
[Black "Bronstein, David I"]
[Result "1-0"]
[WhiteElo "2585"]
[BlackElo "2400"]

1.e4 e5 2.Nf3 Nc6 3.Bc4 Nf6 4.d3 h6 5.O-O d6 6.c3 g6 7.d4 Qe7 8.Re1 Bg7 9.Nbd2 O-O
10.h3 Bd7 11.Nf1 Rae8 12.Ng3 Kh7 13.a3 Ng8 14.b4 a6 15.Be3 Bc8 16.Qd2 Qf6
17.Be2 Rd8 18.Rad1 Rfe8 19.Qa2 Bf8 20.Rf1 Kg7 21.Nh2 Qh4 22.Bc4 Re7 23.Bb3 Red7
24.Bd5 Re8 25.Bxc6 bxc6 26.Qc4 d5 27.Qxc6 Ne7 28.Qa4 dxe4 29.dxe5 c6 30.Rxd7 Bxd7
31.Bd4 Be6 32.Re1 e3 33.Rxe3 Nd5 34.Re4 Qg5 35.Nf3 Qc1+ 36.Kh2 Nxc3 37.Qxc6 Rc8
38.Qxc8 Bxc8 39.e6+ Kg8 40.e7 Nxe4 41.e8=Q Nxg3 42.fxg3  1-0

[Event "Oslo op"]
[Site "Oslo"]
[Date "1994.??.??"]
[Round "9"]
[White "Bologan, Viktor"]
[Black "Korneev, Oleg"]
[Result "1/2-1/2"]
[WhiteElo "2585"]
[BlackElo "2500"]

1.e4 e5 2.Nf3 Nc6 3.Bc4 Bc5 4.c3 Nf6 5.d3 O-O 6.b4 Bb6 7.Bg5 d6 8.Nbd2 Ne7
9.Bxf6 gxf6 10.Nh4 Kh8 11.Qh5 Ng6 12.Nf5 c6 13.g3 Be6 14.Bb3 d5 15.O-O a5
16.Rad1 axb4 17.cxb4 Rg8 18.Kh1 Ne7 19.Nh4 Ng6 20.Nf5 Ne7 21.Nh4 Nc8 22.Qe2 Nd6
23.a4 Qe7 24.exd5 Bxd5+ 25.Bxd5 cxd5 26.a5 Ba7 27.f4 e4 28.dxe4 dxe4 29.b5 Rac8
30.b6 Bb8 31.Nb3 Rge8 32.Rfe1 Rc3 33.Nd4 Rc5 34.Nb3 Rc3 35.Nd4 Rc5 36.a6 bxa6
37.Qxa6 e3 38.Ng2 Rc3 39.Rd3 Rxd3 40.Qxd3 Qb7 41.Qb3 Re4 42.Nc2 e2 43.Nce3 Bc7
44.Nf5 Bb8 45.Nxd6 Bxd6 46.Qd3 Bb4 47.Rxe2 Rxe2 48.Qxe2 Qxb6 49.Qh5 Qe6 50.Qf3 Be7
51.Ne3 Qe4  1/2-1/2

[Event "World op"]
[Site "Philadelphia"]
[Date "1994.??.??"]
[Round "?"]
[White "Bologan, Viktor"]
[Black "Dimitrijevic, Darko"]
[Result "1-0"]
[WhiteElo "2585"]
[BlackElo "2280"]

1.e4 c5 2.Nf3 e6 3.d4 cxd4 4.Nxd4 Nf6 5.Nc3 Bb4 6.e5 Nd5 7.Qg4 O-O 8.Bh6 g6
9.Bxf8 Qxf8 10.Qg3 Nc6 11.Nxc6 bxc6 12.a3 Ba5 13.b4 Bc7 14.Nxd5 cxd5 15.Qc3 Bb6
16.Bd3 Bb7 17.O-O Rc8 18.Qb2 Qg7 19.Kh1 d6 20.Rae1 dxe5 21.Rxe5 Qf6 22.f3 Be3
23.g3 Bb6 24.f4 Be3 25.h4 Rc7 26.Kh2 Bd2 27.c4 dxc4 28.Bxc4 Rxc4 29.Qxd2 Bd5
30.Rc1 Rxc1 31.Qxc1 Qd8 32.Re2 Qb6 33.Qc8+ Kg7 34.Rc2 Qb5 35.Qc3+ Kh6 36.Rd2 Qa4
37.f5 gxf5  1-0

[Event "World op"]
[Site "Philadelphia"]
[Date "1994.??.??"]
[Round "?"]
[White "Bologan, Viktor"]
[Black "Ginsburg, Mark"]
[Result "1-0"]
[WhiteElo "2585"]
[BlackElo "2380"]

1.e4 c5 2.Nf3 d6 3.d4 cxd4 4.Nxd4 Nf6 5.Nc3 e6 6.g4 Nc6 7.g5 Nd7 8.Be3 a6
9.h4 Qc7 10.Qd2 Nc5 11.O-O-O Bd7 12.Kb1 Ne5 13.f4 Ng4 14.Bg1 h5 15.g6 fxg6
16.f5 gxf5 17.exf5 exf5 18.Qg5 Ne5 19.Nxf5 Bxf5 20.Qxf5 Qf7 21.Qh3 Be7 22.Bxc5 dxc5
23.Bg2 Bf6 24.Bd5 Qe7 25.Be6 Ng4 26.Nd5  1-0

[Event "World op"]
[Site "Philadelphia"]
[Date "1994.??.??"]
[Round "?"]
[White "Bologan, Viktor"]
[Black "Lputian, Smbat G"]
[Result "0-1"]
[WhiteElo "2585"]
[BlackElo "2590"]

1.e4 e6 2.d4 d5 3.Nc3 Nf6 4.e5 Nfd7 5.Nce2 c5 6.c3 b6 7.f4 Ba6 8.Nf3 Nc6
9.g4 h5 10.gxh5 Rxh5 11.Ng3 Bxf1 12.Kxf1 Rh8 13.f5 Be7 14.fxe6 fxe6 15.Qd3 Nf8
16.Bd2 Qc7 17.Kg2 O-O-O 18.b4 cxb4 19.Rhc1 Na5 20.cxb4 Nc4 21.Nf1 Kb8 22.b5 Qd7
23.a4 Qe8 24.Ng3 Qg6 25.Qe2 Rc8 26.a5 bxa5 27.Bxa5 Qg4 28.Nd2 Qxd4 29.Nxc4 dxc4
30.b6 Qd5+ 31.Qe4 a6 32.Bc3 Kb7 33.Qxd5+ exd5 34.Rd1 Ne6 35.Ne2 Rcd8 36.Ra5 Bc5
37.Nd4 Bxd4 38.Bxd4 Rh4 39.Bf2 Rg4+ 40.Kh3 Rg5 41.Be3 Rh8+  0-1

[Event "World op"]
[Site "Philadelphia"]
[Date "1994.??.??"]
[Round "?"]
[White "Byrne, Robert E"]
[Black "Bologan, Viktor"]
[Result "1/2-1/2"]
[WhiteElo "2460"]
[BlackElo "2585"]

1.e4 g6 2.d4 Bg7 3.Nc3 c6 4.f4 d5 5.e5 Nh6 6.Be3 Ng4 7.Bc1 Nh6 8.Be3 f6 9.Nf3 Bg4
10.Be2 e6 11.O-O O-O 12.h3 Bxf3 13.Rxf3 fxe5 14.fxe5 Nf5 15.Bf2 c5 16.dxc5 Nc6
17.g4 Nfe7 18.Rxf8+ Qxf8 19.Qd2 Bxe5 20.Rf1 Qg7 21.Nb5 Rf8 22.c3 g5 23.Be3 Rxf1+
24.Bxf1 h6 25.Nd4 Qf6 26.b4 Bf4 27.b5 Ne5 28.a4 Nd7 29.Nb3 e5 30.Bg2 e4 31.a5 Ne5
32.Qd4 Kg7 33.Bf2 h5 34.gxh5 Kh6 35.Qd1 g4 36.hxg4 Qg5 37.Bh3 Nd3 38.Bg2 Bh2+
39.Kxh2 Nxf2 40.Qd4 Nxg4+ 41.Kg1 Ne5 42.Qf2 Nf5 43.Nd4 Nxd4 44.Qf8+ Kh7 45.cxd4 Nf3+
46.Kf2 Qd2+ 47.Kg3 Qe1+ 48.Kf4 Qh4+ 49.Ke3 Qe1+ 50.Kf4 Qd2+ 51.Kg3 Qg5+ 52.Kf2 Nxd4
53.Qf7+ Kh6 54.Qf8+ Kh7 55.Qf7+ Kh6  1/2-1/2

[Event "ROM-chT"]
[Site "ROM"]
[Date "1994.??.??"]
[Round "?"]
[White "Bologan, Viktor"]
[Black "Levin, Felix"]
[Result "1/2-1/2"]
[WhiteElo "2585"]
[BlackElo "2495"]

1.e4 c5 2.Nf3 d6 3.d4 cxd4 4.Nxd4 Nf6 5.Nc3 Nc6 6.Bg5 e6 7.Qd2 a6 8.O-O-O h6
9.Be3 Be7 10.f3 Nxd4 11.Qxd4 Qc7 12.g4 b5 13.h4 Rb8 14.Be2 b4 15.Na4 e5 16.Qc4 Qxc4
17.Bxc4 Nd7 18.b3 h5 19.g5 g6 20.Bd5 Bb7 21.Nb2 Bxd5 22.Rxd5 f6 23.Nc4 O-O
24.Nxd6 fxg5 25.Nc4 Rb7 26.Bxg5 Bxg5+ 27.hxg5 Rxf3 28.Rhd1 Nf8 29.Nxe5 Re3
30.Nd3 Nh7 31.Rd8+ Kg7 32.Nc5 Re7 33.R8d7 Rxd7 34.Rxd7+ Kg8 35.Rd8+ Kg7 36.Rd7+ Kg8
37.Rd8+  1/2-1/2

[Event "ROM-chT"]
[Site "ROM"]
[Date "1994.??.??"]
[Round "?"]
[White "Bologan, Viktor"]
[Black "Lupu, Smaranda  B"]
[Result "0-1"]
[WhiteElo "2585"]
[BlackElo "2135"]

1.e4 c5 2.Nf3 d6 3.d4 cxd4 4.Nxd4 Nf6 5.Nc3 g6 6.Be2 Bg7 7.O-O O-O 8.Re1 Nc6
9.Nb3 Rb8 10.Bf1 Bg4 11.f3 Be6 12.Nd5 b5 13.a4 a6 14.axb5 axb5 15.c3 Qd7
16.Be3 Qb7 17.Nb4 Nxb4 18.cxb4 Qd7 19.Ra7 Rb7 20.Rxb7 Qxb7 21.Na5 Qa6 22.Qd3 Bd7
23.Ra1 Rc8 24.Nb3 Qc6 25.Ra7 Qc2 26.Qxc2 Rxc2 27.Bd4 e5 28.Bc3 Bh6 29.Ra8+ Kg7
30.Bd3 Be3+ 31.Kh1 Rf2 32.Ra1 Nh5 33.Re1 Bb6 34.Nc1 Nf4 35.Bf1 h5 36.g3 Nh3
37.Be2 Rxe2 38.Rxe2 Nf2+ 39.Rxf2 Bxf2 40.Nd3 Be3 41.Kg2 Bc6 42.Kf1 f6 43.Ke2 Bb6
44.Bd2 Kf7 45.Be3 Bd8 46.Nf2 f5 47.h3 Ke6 48.Kd3 Be7 49.Bb6 d5 50.Bc5 dxe4+
51.fxe4 Bg5 52.exf5+ gxf5 53.h4 Bh6 54.Nh3 f4 55.gxf4 exf4 56.Nf2 Kf5 57.Bd6 Bg2
58.Kd4 Bg7+ 59.Kc5 Bf1 60.Nd1 Bf6 61.Nc3 Bxh4  0-1

[Event "ROM-chT"]
[Site "ROM"]
[Date "1994.??.??"]
[Round "?"]
[White "Bologan, Viktor"]
[Black "Navrotescu, Catalin"]
[Result "1-0"]
[WhiteElo "2585"]
[BlackElo "2380"]

1.e4 e6 2.d4 d5 3.Nc3 dxe4 4.Nxe4 Be7 5.Nf3 Nf6 6.Bd3 Nbd7 7.Qe2 O-O 8.Bg5 c5
9.dxc5 Nxc5 10.Nxc5 Qa5+ 11.Bd2 Qxc5 12.O-O-O b6 13.Ne5 Bb7 14.Kb1 Ne4  1-0

[Event "ROM-chT"]
[Site "ROM"]
[Date "1994.??.??"]
[Round "?"]
[White "Florescu, Codrut"]
[Black "Bologan, Viktor"]
[Result "1/2-1/2"]
[WhiteElo "2410"]
[BlackElo "2585"]

1.e4 c5 2.Nf3 e6 3.d4 cxd4 4.Nxd4 a6 5.Bd3 g6 6.O-O Bg7 7.Nb3 Nc6 8.a4 Nge7
9.Nc3 O-O 10.f4 d5 11.e5 f6 12.exf6 Bxf6 13.Qe2 Nf5 14.Kh1 Qe7 15.Bd2 Bd7
16.Qf2 Nfd4 17.Nxd4 Bxd4 18.Qg3 Qg7 19.Ne2 Bf6 20.Bc3 d4 21.Bd2 Ne7 22.Be4 Nf5
23.Qd3 Bc6 24.Bxc6 bxc6 25.Ng3 Qd7 26.Ne4 Be7 27.Rae1 c5 28.b3 Qd5 29.Ng3 Nxg3+
30.hxg3 Bf6 31.Re4 e5 32.Rfe1 exf4 33.Bxf4 Rf7 34.Kg1 Kg7  1/2-1/2

[Event "ROM-chT"]
[Site "ROM"]
[Date "1994.??.??"]
[Round "?"]
[White "Golod, Vitali"]
[Black "Bologan, Viktor"]
[Result "1-0"]
[WhiteElo "2510"]
[BlackElo "2585"]

1.d4 Nf6 2.c4 g6 3.Nc3 Bg7 4.Nf3 O-O 5.Bf4 d6 6.e3 c5 7.Be2 Nh5 8.Bg5 h6
9.Bh4 g5 10.Bg3 f5 11.dxc5 Nxg3 12.hxg3 dxc5 13.Qc2 Nc6 14.Rd1 Qe8 15.a3 Qf7
16.O-O Be6 17.Nd5 Rad8 18.Rb1 Bc8 19.b4 e6 20.Nc3 Qe7 21.b5 Ne5 22.Nxe5 Bxe5
23.b6 a6 24.g4 Qf6 25.Na4 h5 26.gxf5 g4 27.f4 Qh4 28.Rfd1 Bg7 29.f6 Bxf6
30.Nxc5 Bg7 31.Rxd8 Rxd8 32.Rd1 Rxd1+ 33.Qxd1 Qe7 34.Ne4 Qxa3 35.Qd8+ Qf8
36.Qc7 e5 37.Nd6 Be6 38.Nxb7 exf4 39.Qd8 fxe3 40.Qxf8+ Bxf8 41.c5 Be7 42.Nd6 Bd8
43.b7 Bc7 44.Ne8 Bb8 45.c6  1-0

[Event "Tilburg blitz"]
[Site "Tilburg"]
[Date "1994.??.??"]
[Round "1"]
[White "Bologan, Viktor"]
[Black "Tkachiev, Vladislav"]
[Result "0-1"]
[WhiteElo "2600"]
[BlackElo "2535"]

1.e4 c5 2.Nf3 g6 3.d4 Bg7 4.d5 Nf6 5.Nc3 O-O 6.Bc4 b5 7.Nxb5 Nxe4 8.O-O d6
9.Bd3 Nf6 10.c4 a6 11.Nc3 e5 12.dxe6 Bxe6 13.Bg5 h6 14.Bh4 Nc6 15.Rc1 Qd7
16.b3 Rfe8 17.h3 g5 18.Bg3 Rad8 19.Re1 Qc8 20.Bb1 d5 21.cxd5 Nxd5 22.Nxd5 Rxd5
23.Qc2 Red8 24.Qh7+ Kf8 25.h4 Bf5 26.Bxf5 Qxf5 27.Qxf5 Rxf5 28.hxg5 hxg5
29.Rc4 Nd4 30.Ne5 Rd5 31.Ng4 Rd8 32.Ne3 Re8 33.Kf1 Rf6 34.Rxc5 Rh6 35.Kg1 f5
36.Bc7 f4 37.Rxg5 fxe3 38.fxe3 Ne6 39.Rf5+ Ke7 40.Be5 Rg8 41.Bxg7 Rxg7 42.Ra5 Ng5
43.Re2 Nf3+ 44.Kf2 Nh4 45.Kf1 Rc6 46.Rd5 Nxg2 47.Rf5 Nh4 48.Re5+ Kf6 49.Re4 Nf5
50.Rf2 Rc1+ 51.Ke2 Rc2+ 52.Kf1 Rc1+ 53.Ke2 Rc2+ 54.Kf1 Rgc7 55.Rxc2 Rxc2
56.Ra4 Nxe3+ 57.Ke1 Rc6 58.Kd2 Nd5 59.Kd3 Ke5 60.Ra5 Kd6 61.Kd4 Nc3  0-1

[Event "Tilburg blitz"]
[Site "Tilburg"]
[Date "1994.??.??"]
[Round "1"]
[White "Tkachiev, Vladislav"]
[Black "Bologan, Viktor"]
[Result "1/2-1/2"]
[WhiteElo "2535"]
[BlackElo "2600"]

1.e4 g6 2.d4 Bg7 3.Nc3 c6 4.Nf3 d5 5.h3 dxe4 6.Nxe4 Bf5 7.Ng3 Be6 8.Bd3 Bxd4
9.Nxd4 Qxd4 10.O-O Nd7 11.c3 Qg7 12.Bf4 Nh6 13.Re1 Nf5 14.Ne4 h6 15.Qd2 g5
16.Bh2 O-O 17.Bc4 Bxc4 18.Qxd7 Be6 19.Qxb7 Bd5 20.Qd7 Qg6 21.f3 h5 22.Ng3 Nxg3
23.Bxg3 e6 24.Re2 g4 25.fxg4 hxg4 26.h4 Rad8 27.Qc7 Bc4 28.Rf2 Rd3 29.Kh2 Bd5
30.Re1 f5 31.Qe5 Bxa2 32.Ra1 Rd5 33.Qc7 e5 34.Bxe5 Rf7 35.Qb8+ Rf8 36.Qc7 Rf7
37.Qb8+ Rf8  1/2-1/2

[Event "Tilburg rapid20"]
[Site "Tilburg"]
[Date "1994.??.??"]
[Round "1"]
[White "Bologan, Viktor"]
[Black "Tkachiev, Vladislav"]
[Result "0-1"]
[WhiteElo "2600"]
[BlackElo "2535"]

1.e4 c5 2.Nf3 g6 3.d4 Bg7 4.dxc5 Qa5+ 5.Bd2 Qxc5 6.Bc3 Nf6 7.Bd3 O-O 8.O-O d6
9.Nbd2 Nc6 10.Nb3 Qb6 11.h3 e5 12.Nbd2 Qc7 13.Bc4 Rd8 14.Ng5 Rd7 15.f4 h6
16.Ngf3 exf4 17.Bxf6 Bxf6 18.Rb1 Re7 19.Nh2 Bd4+ 20.Kh1 Be3 21.Bd5 Nb4 22.Bb3 Be6
23.Ng4 Bxb3 24.axb3 h5 25.Nf6+ Kg7 26.Nc4 Kxf6 27.Nxe3 Rxe4  0-1

[Event "Tilburg rapid20"]
[Site "Tilburg"]
[Date "1994.??.??"]
[Round "1"]
[White "Tkachiev, Vladislav"]
[Black "Bologan, Viktor"]
[Result "0-1"]
[WhiteElo "2535"]
[BlackElo "2600"]

1.e4 g6 2.d4 Bg7 3.Nc3 c6 4.Nf3 d5 5.h3 dxe4 6.Nxe4 Bf5 7.Ng3 Be6 8.c3 Nf6
9.Bd3 O-O 10.O-O Bd5 11.Re1 Nbd7 12.Bg5 c5 13.Qe2 cxd4 14.Nxd4 e5 15.Nc2 Qb6
16.Ne3 h6 17.Bxf6 Nxf6 18.Nc4 Bxc4 19.Bxc4 Rae8 20.Qc2 Kh8 21.Rad1 h5 22.Re2 Bh6
23.Rde1 Bf4 24.Nf1 e4 25.Qb3 Qc7 26.Ne3 b6 27.Bb5 Re5 28.g3 Bh6 29.Qc4 Rc5
30.Qb4 h4 31.g4 Kh7 32.Qb3 Rd8 33.a4 Kg7 34.Qc2 Bf4 35.Rd2 Bxe3 36.Rxe3 Rxd2
37.Qxd2 Rd5 38.Qc2 Qd6 39.Re2 Nxg4 40.Rxe4 Rd1+ 41.Kg2 Qh2+ 42.Kf3 Qxh3+
43.Ke2 Qf1+ 44.Kf3 Nh2+ 45.Kf4 Qg1 46.Qe2 Rd6 47.Re8 Rf6+ 48.Ke4 Rxf2 49.Qe3 Qg2+
50.Kd4 Ng4 51.Qg5 Nf6 52.Qe5 Rd2+ 53.Kc4 Qd5+ 54.Qxd5 Rxd5 55.Re3 g5 56.b4 g4
57.Bc6 Rg5 58.a5 bxa5 59.b5 h3 60.Rg3 Nh5 61.Rg1 g3 62.Kd4 a4 63.Ke3 g2 64.Kf2 Nf4
65.c4 h2 66.Rxg2 Nxg2 67.Bxg2 a3  0-1

[Event "Belfort"]
[Site "Belfort"]
[Date "1995.??.??"]
[Round "1"]
[White "Bologan, Viktor"]
[Black "Marin, Mihail"]
[Result "1/2-1/2"]
[WhiteElo "2540"]
[BlackElo "2530"]

1.e4 c5 2.Nf3 d6 3.d4 cxd4 4.Qxd4 Nc6 5.Bb5 Bd7 6.Bxc6 Bxc6 7.Nc3 Nf6 8.Bg5 e6
9.O-O-O Be7 10.Qd3 Qa5 11.Kb1 O-O 12.Bh4 Rfc8 13.Nd4 Rab8 14.f4 b5 15.e5 dxe5
16.fxe5 Nd5 17.Nxc6 Rxc6 18.Bxe7 Nxe7 19.Qd7 b4 20.Nb5 h6 21.Qxe7 Qxb5 22.Rhf1 Rf8
23.Rxf7 Rxf7 24.Rd8+ Kh7 25.Qxf7 Qc5 26.c4 bxc3 27.Qg8+ Kg6 28.bxc3 Qg1+
29.Kc2 Qxg2+ 30.Rd2 Qe4+ 31.Rd3 Ra6 32.a3 Qe2+ 33.Rd2 Qe4+ 34.Rd3 Qf5 35.a4 Ra5
36.Kd2 Qf2+ 37.Kd1 Qf1+ 38.Kd2 Qf2+ 39.Kd1 Qg1+ 40.Kc2 Qf2+ 41.Kb3 Qb6+ 42.Kc2 Qf2+
43.Kb3 Qb6+ 44.Kc2  1/2-1/2